Draw anything / (Record no. 410)

MARC details
000 -LEADER
fixed length control field 01309cam a2200301 a 4500
005 - DATE AND TIME OF LATEST TRANSACTION
control field 20260322212018.0
008 - FIXED-LENGTH DATA ELEMENTS--GENERAL INFORMATION
fixed length control field data
010 ## - LIBRARY OF CONGRESS CONTROL NUMBER
LC control number 2009009002
020 ## - INTERNATIONAL STANDARD BOOK NUMBER
International Standard Book Number 9780486474007
020 ## - INTERNATIONAL STANDARD BOOK NUMBER
International Standard Book Number 0486474003
040 ## - CATALOGING SOURCE
Original cataloging agency DLC
Transcribing agency DLC
Modifying agency DLC
-- BTCTA
-- YDXCP
-- DLC
050 00 - LIBRARY OF CONGRESS CALL NUMBER
Classification number NC730
Item number .Z35 2009
082 00 - DEWEY DECIMAL CLASSIFICATION NUMBER
Classification number 741.2
Edition information 22
092 ## - LOCALLY ASSIGNED DEWEY CALL NUMBER (OCLC)
Classification number 741.2 Zai 2009
001 - CONTROL NUMBER
control field data
100 1# - MAIN ENTRY--PERSONAL NAME
Personal name Zaidenberg, Arthur,
Dates associated with a name 1908-1990.
240 10 - UNIFORM TITLE
Uniform title Draw anything book
245 10 - TITLE STATEMENT
Title Draw anything /
Statement of responsibility, etc. Arthur Zaidenberg.
250 ## - EDITION STATEMENT
Edition statement Dover ed.
260 ## - PUBLICATION, DISTRIBUTION, ETC.
Place of publication, distribution, etc. Mineola, N.Y. :
Name of publisher, distributor, etc. Dover Publications,
Date of publication, distribution, etc. 2009.
300 ## - PHYSICAL DESCRIPTION
Extent 1 v. (unpaged) :
Other physical details chiefly ill. ;
Dimensions 28 cm.
500 ## - GENERAL NOTE
General note Originally published: The draw anything book. New York : Harper & Brothers, 1950.
650 #0 - SUBJECT ADDED ENTRY--TOPICAL TERM
Topical term or geographic name entry element Drawing
General subdivision Study and teaching.
856 42 - ELECTRONIC LOCATION AND ACCESS
Materials specified Publisher description
Uniform Resource Identifier <a href="http://www.loc.gov/catdir/enhancements/fy1004/2009009002-d.html">http://www.loc.gov/catdir/enhancements/fy1004/2009009002-d.html</a>
906 ## - LOCAL DATA ELEMENT F, LDF (RLIN)
a 7
b cbc
c orignew
d 1
e ecip
f 20
g y-gencatlg
925 0# -
-- acquire
-- 1 shelf copy
-- policy default
955 ## - COPY-LEVEL INFORMATION (RLIN)
-- rc14 2009-03-03/rc15 to Dewey
-- re13 2009-11-30 Z-CipVer Copy 1 Barcode 00240213692 to BCCD
Holdings
Withdrawn status Lost status Damaged status Not for loan Home library Current library Shelving location Date acquired Total checkouts Full call number Barcode Date last seen Price effective from Koha item type
        Franklin Franklin General stacks 22/03/2026   741.2 22 BC0010420 22/03/2026 22/03/2026 Books